[Event "Pobeskydy op"]
[Site "Frydek Mistek"]
[Date "2008.03.21"]
[Round "3"]
[White "Vysoglad, Petr"]
[Black "Vrba, Michal"]
[Result "1/2-1/2"]
[WhiteElo "2102"]
[BlackElo "1953"]
[PlyCount "77"]
[EventDate "2008.03.20"]
[EventType "swiss"]
[EventRounds "9"]
[EventCountry "CZE"]
[SourceTitle "EXT 2010"]
[Source "ChessBase"]
[SourceDate "2010.11.25"]
[SourceVersion "1"]
[SourceVersionDate "2010.11.25"]
[SourceQuality "1"]

1. d4 Nf6 2. Nf3 g6 3. c4 Bg7 4. g3 0-0 5. Bg2 d5 6. Nbd2 c6 7. 0-0 Nbd7 8. b3 e6 9. Bb2 b5 10. Re1 Rb8 11. Qc2 Qb6 12. c5 Qc7 13. e4 dxe4 14. Nxe4 Nxe4 15. Rxe4 Nf6 16. Ree1 Nd5 17. Ng5 a5 18. a3 b4 19. a4 Ba6 20. Rad1 Rbd8 21. h4 Rd7 22. Ne4 Rfd8 23. Nd6 Bf8 24. Ne4 Be7 25. Rd2 Bf8 26. f4 Bg7 27. Nd6 Bf8 28. Nc4 Bxc4 29. Qxc4 Bg7 30. Kh1 Nc3 31. Bxc3 bxc3 32. Qxc3 Rxd4 33. Rxd4 Rxd4 34. Qf3 Rd5 35. Qf2 Bd4 36. Qd2 Bxc5 37. Bxd5 Bb4 38. Qd3 Bxe1 39. Bc4 1/2-1/2

[Event "Moravia-Silesia Region-chT 0708"]
[Site "Czech Republic"]
[Date "2008.01.20"]
[Round "6.4"]
[White "Chlevistan, Jakub"]
[Black "Vysoglad, Petr"]
[Result "0-1"]
[WhiteElo "2114"]
[BlackElo "2097"]
[PlyCount "146"]
[EventDate "2007.10.28"]
[EventType "team-tourn"]
[EventRounds "11"]
[EventCountry "CZE"]
[SourceTitle "EXT 2024"]
[Source "ChessBase"]
[SourceDate "2023.10.10"]
[SourceVersion "1"]
[SourceVersionDate "2023.10.10"]
[SourceQuality "1"]

1. Nf3 f5 2. d4 Nf6 3. Bf4 d6 4. e3 g6 5. Nbd2 c6 6. Bc4 Bg7 7. c3 a5 8. a4 Nh5 9. h4 Nxf4 10. exf4 Qc7 11. Bd3 Be6 12. h5 Nd7 13. hxg6 hxg6 14. Rxh8+ Bxh8 15. Qe2 Nf8 16. 0-0-0 0-0-0 17. Re1 Bf6 18. Ng5 Bg8 19. Ndf3 Qb6 20. Bc4 d5 21. Bd3 c5 22. dxc5 Qxc5 23. Bc2 Qd6 24. g3 Nd7 25. Qb5 Qb6 26. Qxb6 Nxb6 27. Ne6 Rd6 28. Ned4 Nd7 29. Ne5 Nc5 30. Nxg6 e6 31. Ne5 Rd8 32. f3 Bxe5 33. fxe5 Bf7 34. Nb5 Bh5 35. Nd6+ Kd7 36. f4 Bf3 37. Rf1 Be4 38. Bxe4 dxe4 39. Kd2 Nxa4 40. b3 Nc5 41. b4 axb4 42. cxb4 Nd3 43. Kc3 Rg8 44. Rh1 Rxg3 45. Rh7+ Kc6 46. b5+ Kd5 47. Nxb7 Nxf4+ 48. Kb4 Kxe5 49. Nd8 Nd5+ 50. Ka4 e3 51. Rh6 Rg4+ 52. Ka5 Rg8 53. Rxe6+ Kd4 54. Nc6+ Kc5 55. Ne5 e2 56. Nd3+ Kd4 57. Ne1 f4 58. b6 Ra8+ 59. Kb5 Rb8 60. Nf3+ Kd3 61. Kc5 Nxb6 62. Ne1+ Kd2 63. Nf3+ Kd1 64. Rd6+ Kc1 65. Re6 Na4+ 66. Kc4 Rc8+ 67. Kd4 Kd1 68. Re4 Nc3 69. Kd3 Nd5 70. Kd4 Rd8 71. Ke5 Nc3 72. Rxf4 Rd5+ 73. Ke6 Rd3 0-1